| 000 | 00691 a2200157 4500 | ||
|---|---|---|---|
| 003 | NUST | ||
| 005 | 20221206123106.0 | ||
| 040 | _cNust | ||
| 082 | _a153.2,KNO | ||
| 100 |
_aKnowlson, T.Sharper _9104174 |
||
| 245 |
_aCreating new Ideas / _cT. Sharper Knowlson |
||
| 260 |
_alondon _bmartins lane _c1938 |
||
| 300 | _a147p .: | ||
| 505 | _aA Look all Round the Subject (Page-7),The Thrill of New Ideas (Page-21), Here are the Needed Personal Qualifica (Page-41), Where to Look for New Ideas How to begin and Carry on(Page-), Lastly From your Own Programmed (Page-79), A Clearing House for New Ideas (Page-91), Some Points for Final Consideration (Page-105). | ||
| 942 |
_2ddc _cBK _k153.2,KNO |
||
| 999 |
_c193782 _d193782 |
||